MESTSKÁ KNIŽNICA GIRALTOVCE  - online katalóg 

Ermitáž (Record no. 15084)

000 -NÁVESTIE
fixed length control field 00318nam a2200133 a 4500
008 - ÚDAJE S PEVNOU DĹŽKOU – VŠEOBECNÉ INFORMÁCIE
fixed length control field 101210s1960|||| d
041 ## - KÓD JAZYKA
Kód jazyka textu/zvukovej stopy alebo samostatných nápisov rus
044 ## - KÓD KRAJINY VYDAVATEĽA/PRODUCENTA
Kód krajiny MARC RU
020 ## - MEDZINÁRODNÉ ŠTANDARDNÉ ČÍSLO KNIHY (ISBN)
Údaje o dostupnosti 10
100 1# - OSOBNÉ MENÁ – VŠEOBECNÉ INFORMÁCIE
Osobné meno Kuznetsov, Y.- Nikulin, N.
260 ## - VYDAVATEĽSKÉ ÚDAJE, DISTRIBÚCIA ATĎ.
Miesto publikovania, distribúcie atď. Lenigrad
Názov vydavateľa, distibútora atď. Sovietskij chudožník
Dátum publikovania, distribúcie atď. 1960
245 10 - NÁZOV
Názov Ermitáž
700 1# - PRIDANÝ VSTUP – OSOBNÉ MENO
Osobné meno Rusakov, Y.
Holdings
Stav stiahnutia (Blokovanie) (Withrawn status) Stav straty Stav poškodenia (Damaged status) Nie pre výpožičky (Not for loan) Spôsob nadobudnutia (Collection code) Trvalé umiestnenie Aktuálne umiestnenie Dátum nadobudnutia Náklady, bežná kúpna cena Inventárne číslo (prírastkové číslo) Full call number Dátum posledného výskytu Cena s účinnosťou od Typ jednotky Koha
        Kúpa Mestská knižnica Giraltovce Mestská knižnica Giraltovce 2019-11-29 10.00 14121 I 0192 2019-11-29 2019-11-29 Odborná literatúra pre dospelých

Powered by Koha